Les pays ayant le plus long réseau ferroviaire - Statistiques

Statistiques générales
  • Ce quiz a été pris 136 fois
  • Le résultat moyen est 24 sur 30
Statistiques - réponses
Hint Réponse % Correct
9 France
99%
3 Chine
98%
1 États-Unis
97%
2 Russie
97%
6 Allemagne
96%
8 Argentine
95%
4 Inde
95%
10 Brésil
94%
5 Canada
94%
19 Espagne
93%
13 Italie
93%
11 Japon
91%
16 Mexique
90%
7 Australie
88%
12 Ukraine
87%
17 Royaume-Uni
86%
20 Turquie
85%
21 Suède
84%
14 Afrique du Sud
83%
28 Chili
83%
24 Iran
83%
15 Pologne
83%
27 Pakistan
76%
22 Roumanie
72%
29 Autriche
70%
26 Hongrie
63%
18 Kazakhstan
63%
23 République tchèque
35%
30 Soudan
25%
25 Cuba
24%
Aucun quiz correspondant
Distribution des résultats
% des personnes avec chaque résultat
Percentile par nombre de réponses
Votre historique - résultats
Vous n’avez pas pris ce quiz